[Event "Quebec-ch Intercoll"]
[Site "Montreal"]
[Date "1990.04.14"]
[Round "4"]
[White "Nault, Charles"]
[Black "Abreu Cordero, Jose Leonardo"]
[Result "1-0"]
[WhiteElo "1894"]
[BlackElo "1886"]
[PlyCount "55"]
[EventDate "1990.04.13"]
[EventType "swiss"]
[EventRounds "6"]
[EventCountry "CAN"]
[SourceTitle "EXT 2022"]
[Source "ChessBase"]
[SourceDate "2021.10.06"]
[SourceVersion "1"]
[SourceVersionDate "2021.10.06"]
[SourceQuality "1"]

1. e4 e5 2. f4 exf4 3. Bc4 Qh4+ 4. Kf1 d6 5. d4 Nc6 6. Nf3 Qf6 7. Nc3 Bg4 8. Nd5 Qd8 9. Bxf4 g6 10. e5 Bg7 11. exd6 cxd6 12. Qe2+ Kf8 13. c3 Nf6 14. h3 Nxd5 15. Bxd5 Bf5 16. g4 Bc8 17. Re1 Ne7 18. Ng5 Nxd5 19. Bxd6+ Kg8 20. Qe8+ Qxe8 21. Rxe8+ Bf8 22. Rxf8+ Kg7 23. Rxf7+ Kh6 24. Ne4 g5 25. Be5 Re8 26. h4 Kg6 27. Rg7+ Kh6 28. hxg5# 1-0

[Event "Quebec-ch Intercoll"]
[Site "Valleyfield"]
[Date "1989.03.26"]
[Round "6"]
[White "Nault, Charles"]
[Black "Fillion, Steve"]
[Result "1/2-1/2"]
[WhiteElo "1803"]
[BlackElo "1843"]
[PlyCount "65"]
[EventDate "1989.03.??"]
[EventType "swiss"]
[EventRounds "6"]
[EventCountry "CAN"]
[SourceTitle "EXT 2022"]
[Source "ChessBase"]
[SourceDate "2021.10.06"]
[SourceVersion "1"]
[SourceVersionDate "2021.10.06"]
[SourceQuality "1"]

1. e4 c6 2. d4 d5 3. exd5 cxd5 4. c4 Nf6 5. Nc3 Nc6 6. Nf3 Bg4 7. Be2 dxc4 8. d5 Bxf3 9. Bxf3 Ne5 10. 0-0 g6 11. Re1 Nd3 12. Re2 Bg7 13. Qa4+ Qd7 14. Qxc4 Nxc1 15. Rxc1 0-0 16. Rce1 Rfe8 17. Qh4 Bf8 18. Qf4 Red8 19. g4 Rac8 20. g5 Ne8 21. Qh4 Nd6 22. Bg4 Rc4 23. Re4 Qc7 24. Rxc4 Qxc4 25. Qg3 b5 26. Bd1 b4 27. Bb3 Qd4 28. Na4 Rc8 29. Qe3 Qg4+ 30. Qg3 Qd4 31. Qe5 Qg4+ 32. Qg3 Qd4 33. Qe5 1/2-1/2

[Event "Quebec-ch Intercoll"]
[Site "Valleyfield"]
[Date "1989.03.25"]
[Round "3"]
[White "Nault, Charles"]
[Black "Dumouchel, Alain"]
[Result "1-0"]
[WhiteElo "1803"]
[BlackElo "1826"]
[PlyCount "85"]
[EventDate "1989.03.??"]
[EventType "swiss"]
[EventRounds "6"]
[EventCountry "CAN"]
[SourceTitle "EXT 2022"]
[Source "ChessBase"]
[SourceDate "2021.10.06"]
[SourceVersion "1"]
[SourceVersionDate "2021.10.06"]
[SourceQuality "1"]

1. e4 e5 2. f4 d5 3. exd5 exf4 4. Nf3 Ne7 5. Bc4 Ng6 6. 0-0 Be7 7. d4 0-0 8. Nc3 Nd7 9. Ne2 Nb6 10. Qd3 Qd6 11. Bb3 c6 12. c4 c5 13. Bc2 f5 14. b3 Bf6 15. Ba3 Nd7 16. Rae1 b5 17. cxb5 a6 18. dxc5 Nxc5 19. Qc4 Be7 20. Ned4 axb5 21. Nxb5 Qb6 22. Nfd4 Be6 23. Bxc5 Bxc5 24. dxe6 Ne7 25. a4 Rfd8 26. Rd1 Rac8 27. Qd3 Rd5 28. Kh1 Nc6 29. Qc4 Ne7 30. Nxf5 Nxf5 31. Qxd5 Ne3 32. Qe4 g6 33. Bd3 Be7 34. Bc4 Qc5 35. Qxf4 Nxd1 36. Rxd1 Rf8 37. Qc7 Qh5 38. Rf1 Rxf1+ 39. Bxf1 Qf5 40. Qc4 Kg7 41. h3 Bc5 42. Qe2 Kh6 43. Nd4 1-0